IPD UK monthly property index (Record no. 110413)
[ view plain ]
| 000 -LEADER | |
|---|---|
| fixed length control field | 01271cad a22002415a 4500 |
| 001 - CONTROL NUMBER | |
| control field | L149207 |
| 008 - FIXED-LENGTH DATA ELEMENTS--GENERAL INFORMATION | |
| fixed length control field | 100203s2010 xxkad f s 000 0 eng d |
| 035 ## - SYSTEM CONTROL NUMBER | |
| System control number | (Sirsi) u149207 |
| 041 0# - LANGUAGE CODE | |
| Language code of text/sound track or separate title | eng |
| 050 04 - LIBRARY OF CONGRESS CALL NUMBER | |
| Classification number | 333.33 $2 18 |
| 110 2# - MAIN ENTRY--CORPORATE NAME | |
| Corporate name or jurisdiction name as entry element | Investment Property Databank |
| 9 (RLIN) | 2288 |
| 245 00 - TITLE STATEMENT | |
| Title | IPD UK monthly property index |
| Remainder of title | end December 2009 |
| Medium | [electronic resource] |
| 260 ## - PUBLICATION, DISTRIBUTION, ETC. | |
| Place of publication, distribution, etc. | London |
| Name of publisher, distributor, etc. | IPD |
| Date of publication, distribution, etc. | 2010 |
| 490 #0 - SERIES STATEMENT | |
| Series statement | IPD UK Monthly Property Index |
| Volume/sequential designation | December 2009 |
| 520 ## - SUMMARY, ETC. | |
| Summary, etc. | December 2009 delivered the largest monthly capital growth in the UK Monthly Property Index?s 23-year history, at 3.0%, beating the 2.9% delivered exactly 16 years earlier in December 1993 at the end of the last major property recession. The fifth-consecutive monthly gain, which amounted to a compounded growth of 8.8%, was sufficient to lift returns on UK commercial property into positive territory for the calendar year. |
| 521 ## - TARGET AUDIENCE NOTE | |
| Target audience note | Advanced |
| 590 ## - LOCAL NOTE (RLIN) | |
| Local note | KA NTK |
| 650 24 - SUBJECT ADDED ENTRY--TOPICAL TERM | |
| Topical term or geographic name entry element | IPD UK MONTHLY PROPERTY INDEX |
| 651 #4 - SUBJECT ADDED ENTRY--GEOGRAPHIC NAME | |
| Geographic name | United Kingdom |
| Chronological subdivision | |
| 690 ## - LOCAL SUBJECT ADDED ENTRY--TOPICAL TERM (OCLC, RLIN) | |
| Topical term or geographic name as entry element | PROPERTY-COMMERCIAL PROPERTY-COMMERCIAL PROPERTY MARKET |
| 856 40 - ELECTRONIC LOCATION AND ACCESS | |
| Uniform Resource Identifier | <a href="https://www.ipd.com/OurProducts/Indices/UnitedKingdom/UKMonthly/tabid/921/Default.aspx">https://www.ipd.com/OurProducts/Indices/UnitedKingdom/UKMonthly/tabid/921/Default.aspx</a> |
| Public note | View this report free of charge under indices at www.ipd.com... |
| 942 ## - ADDED ENTRY ELEMENTS (KOHA) | |
| Suppress in OPAC | 0 |
| Withdrawn status | Lost status | Source of classification or shelving scheme | Damaged status | Not for loan | Home library | Current library | Shelving location | Date acquired | Total Checkouts | Full call number | Barcode | Date last seen | Copy number | Price effective from | Koha item type |
|---|---|---|---|---|---|---|---|---|---|---|---|---|---|---|---|
| Dewey Decimal Classification | Virtual | Virtual | Online | 03/02/2010 | ONLINE PUBLICATION | 149207-2001 | 06/08/2019 | 1 | 06/08/2019 | Book |